00636nam a2200241 a 4500001001300000003000900013005001700022008004100039020001000080082001600090100001700106245001100123260003400134300000900168500003500177505001000212650001800222700001700240902000800257942000700265952010700272999001500379nice12345678IN_TiNIC20260116011703.0050524s1922 oxfa grp 000 0 eng  ac10000a297.09bHOG aHogarth, D G aArabia aOxfordbClarendon Pressc1922 a139p aincludes index and biblioraphy2 aIndex aIslam-History1 aHogarth, D G bSRS cBK 001040708NFICaHMIbHMIcGENd2007-07-23g100.00l0o297.09 HOGp06720r2007-07-23w2026-01-16yEB c3408d3408